Adam Mickiewicz czy Juliusz Słowacki? - Statystyki

Ogólne statystyki
  • Ten quiz został rozwiązany 6 368 razy
  • Średni wynik to 11 z 16
Statystyki odpowiedzi
Hint Odpowiedź % Poprawnych
Dziady Adam Mickiewicz
95%
Balladyna Juliusz Słowacki
87%
Oda do młodości Adam Mickiewicz
83%
Sonety krymskie Adam Mickiewicz
82%
Świtezianka Adam Mickiewicz
73%
Grób Agamemnona Juliusz Słowacki
72%
Kordian Juliusz Słowacki
72%
Pani Twardowska Adam Mickiewicz
69%
Konrad Wallenrod Adam Mickiewicz
68%
Sen srebrny Salomei Juliusz Słowacki
67%
Testament mój Juliusz Słowacki
66%
Grażyna Adam Mickiewicz
55%
Powrót taty Adam Mickiewicz
53%
Beniowski Juliusz Słowacki
50%
Lilla Weneda Juliusz Słowacki
46%
Mazepa Juliusz Słowacki
38%
Nie znaleziono quizów pasujących do podanych kryteriów
Rozkład punktacji
Procent ludzi z każdym wynikiem
Percentyl według liczby udzielonych odpowiedzi
Twoja historia wyników
Nie rozwiązałeś tego quizu